[Event "Oskarja Memorial 10th"]
[Site "Chess.com INT"]
[Date "2021.01.16"]
[Round "7"]
[White "Bacic, Domagoj"]
[Black "Buljic, Semir"]
[Result "1-0"]
[WhiteElo "1758"]
[BlackElo "1703"]
[PlyCount "119"]
[EventDate "2021.01.16"]
[EventType "swiss (blitz)"]
[EventRounds "15"]
[EventCountry "SLO"]
[SourceTitle "CBM 200 Extra"]
[Source "ChessBase"]
[SourceDate "2021.03.31"]
[SourceVersion "1"]
[SourceVersionDate "2021.03.31"]
[SourceQuality "1"]

1. c4 e5 2. Nc3 Bb4 3. g3 c5 4. Bg2 Nc6 5. e3 d6 6. Nge2 Nge7 7. 0-0 0-0 8. a3 Bxc3 9. Nxc3 Be6 10. b3 Rc8 11. d3 f5 12. Bb2 f4 13. exf4 exf4 14. Be4 Bh3 15. Re1 f3 16. Bxf3 Nd4 17. Bg2 Qd7 18. Nd5 Nxd5 19. Bxd5+ Kh8 20. Bxd4 cxd4 21. Be4 b5 22. a4 a6 23. axb5 axb5 24. Ra6 Bf5 25. Qh5 g6 26. Qh4 Bxe4 27. Rxe4 Qf5 28. f4 d5 29. cxd5 Qxd5 30. Rxg6 Qxb3 31. Re7 Rf7 32. Rxf7 Qxf7 33. Rd6 b4 34. Rxd4 Rb8 35. Rd8+ Rxd8 36. Qxd8+ Qg8 37. Qd4+ Qg7 38. Qxb4 Qa1+ 39. Kg2 Qa2+ 40. Kh3 Qe6+ 41. Kh4 Qf6+ 42. Kg4 h5+ 43. Kf3 Qc6+ 44. Qe4 Qc1 45. Qe5+ Kg8 46. Qg5+ Kf8 47. Qh6+ Ke8 48. Qxh5+ Kd8 49. Qd5+ Kc7 50. Qe4 Qd1+ 51. Qe2 Qh1+ 52. Qg2 Qd1+ 53. Ke4 Qa4+ 54. d4 Qc6+ 55. d5 Qc4+ 56. Ke5 Qc3+ 57. Kf5 Kd6 58. Qe2 Kxd5 59. Qe6+ Kc5 60. Qc8+ 1-0

[Event "Oskarja Memorial 10th"]
[Site "Chess.com INT"]
[Date "2021.01.16"]
[Round "1"]
[White "Bacic, Domagoj"]
[Black "Urbanc, Suzana"]
[Result "1-0"]
[WhiteElo "1758"]
[BlackElo "1492"]
[PlyCount "51"]
[EventDate "2021.01.16"]
[EventType "swiss (blitz)"]
[EventRounds "15"]
[EventCountry "SLO"]
[SourceTitle "CBM 200 Extra"]
[Source "ChessBase"]
[SourceDate "2021.03.31"]
[SourceVersion "1"]
[SourceVersionDate "2021.03.31"]
[SourceQuality "1"]

1. c4 f5 2. Nc3 Nf6 3. d4 e6 4. g3 c6 5. Bg2 d5 6. Nf3 Bd6 7. b3 Nbd7 8. 0-0 0-0 9. Ng5 Qe7 10. c5 Bc7 11. f4 b6 12. b4 a5 13. Ba3 axb4 14. Bxb4 bxc5 15. dxc5 Nxc5 16. a3 Bb6 17. Kh1 Qa7 18. Rc1 Re8 19. Qc2 h6 20. Nf3 Nce4 21. Nxe4 Nxe4 22. Ne5 Nf2+ 23. Rxf2 Bxf2 24. Qxc6 Bb7 25. Qd7 Be3 26. Rc7 1-0

[Event "Oskarja Memorial 10th"]
[Site "Chess.com INT"]
[Date "2021.01.16"]
[Round "9"]
[White "Nikolic, Boban"]
[Black "Bacic, Domagoj"]
[Result "1-0"]
[WhiteElo "2200"]
[BlackElo "1758"]
[PlyCount "47"]
[EventDate "2021.01.16"]
[EventType "swiss (blitz)"]
[EventRounds "15"]
[EventCountry "SLO"]
[SourceTitle "CBM 200 Extra"]
[Source "ChessBase"]
[SourceDate "2021.03.31"]
[SourceVersion "1"]
[SourceVersionDate "2021.03.31"]
[SourceQuality "1"]

1. c4 Nf6 2. Nf3 c5 3. Nc3 Nc6 4. d4 cxd4 5. Nxd4 e6 6. g3 Bc5 7. Nb3 Be7 8. Bg2 0-0 9. 0-0 Rb8 10. h3 a6 11. Bf4 d6 12. Rc1 Nh5 13. Be3 Na5 14. Nxa5 Qxa5 15. Qd2 Bd7 16. Nd5 Qd8 17. Nxe7+ Qxe7 18. Rfd1 Rfd8 19. Qxd6 Qxd6 20. Rxd6 Be8 21. c5 Bb5 22. Rxd8+ Rxd8 23. Bxb7 Bxe2 24. c6 1-0

[Event "Oskarja Memorial 10th"]
[Site "Chess.com INT"]
[Date "2021.01.16"]
[Round "5"]
[White "Slejko, Vladimir"]
[Black "Bacic, Domagoj"]
[Result "1-0"]
[WhiteElo "1894"]
[BlackElo "1758"]
[PlyCount "93"]
[EventDate "2021.01.16"]
[EventType "swiss (blitz)"]
[EventRounds "15"]
[EventCountry "SLO"]
[SourceTitle "CBM 200 Extra"]
[Source "ChessBase"]
[SourceDate "2021.03.31"]
[SourceVersion "1"]
[SourceVersionDate "2021.03.31"]
[SourceQuality "1"]

1. b3 d5 2. Bb2 Nf6 3. g3 Bf5 4. d3 c6 5. Bg2 Nbd7 6. h3 e5 7. a3 Bd6 8. e3 h6 9. Ne2 0-0 10. Qd2 Qe7 11. g4 Be6 12. Ng3 g6 13. Nc3 Kh7 14. Nce2 a5 15. f4 exf4 16. exf4 Nc5 17. 0-0 Rad8 18. Rae1 Ng8 19. Nd4 Bc7 20. b4 axb4 21. axb4 Na4 22. Bc1 Bb6 23. c3 Bxd4+ 24. cxd4 Qd6 25. Kh2 Rfe8 26. Rf3 Bc8 27. f5 Rxe1 28. fxg6+ fxg6 29. Qxe1 Be6 30. Re3 Bf7 31. Re5 Nb6 32. Qe3 Nd7 33. Re7 Nxe7 34. Qxh6+ Kg8 35. Bf4 Qe6 36. Bf3 Nf8 37. Be5 Qxe5 38. dxe5 Ne6 39. Qe3 d4 40. Qd2 Ra8 41. Bg2 Kg7 42. Ne4 Nd5 43. Ng5 Ne3 44. Nxf7 Kxf7 45. Qf2+ Ke8 46. Qf6 Nf8 47. Qd6 1-0

[Event "SLO-chT2 West"]
[Site "Kranj"]
[Date "2005.10.16"]
[Round "4.3"]
[White "Ursic, Aleksander"]
[Black "Bacic, Domagoj"]
[Result "1-0"]
[WhiteElo "2000"]
[BlackElo "1602"]
[PlyCount "43"]
[EventDate "2005.10.14"]
[EventType "team"]
[EventRounds "5"]
[EventCountry "SLO"]
[SourceTitle "EXT 2009"]
[Source "ChessBase"]
[SourceDate "2008.11.26"]
[SourceVersion "1"]
[SourceVersionDate "2008.11.26"]
[SourceQuality "1"]

1. d4 Nf6 2. Nf3 d5 3. c4 c6 4. Nc3 Bg4 5. Ne5 Bh5 6. Qb3 b6 7. cxd5 Nxd5 8. e4 Nc7 9. Be2 Bg6 10. Be3 f6 11. Nxg6 hxg6 12. 0-0-0 e6 13. d5 Qd6 14. dxe6 Qxe6 15. Bc4 Qe7 16. Bf4 Rh5 17. Bd6 Qxd6 18. Rxd6 Bxd6 19. Bf7+ Ke7 20. Bxg6 Rxh2 21. Qf7+ Kd8 22. Rd1 1-0

[Event "Nova Gorica op-B 10th"]
[Site "Nova Gorica"]
[Date "2005.02.02"]
[Round "8"]
[White "Bacic, Domagoj"]
[Black "Grosar, Gari"]
[Result "1-0"]
[WhiteElo "1534"]
[BlackElo "1500"]
[PlyCount "119"]
[EventDate "2005.01.28"]
[EventType "swiss"]
[EventRounds "9"]
[EventCountry "SLO"]
[SourceTitle "CBM 104 Extra"]
[Source "ChessBase"]
[SourceDate "2005.03.01"]
[SourceVersion "1"]
[SourceVersionDate "2005.03.01"]
[SourceQuality "1"]

1. f4 f5 2. b3 b6 3. Bb2 Bb7 4. Nf3 Nf6 5. e3 e6 6. Bc4 Bc5 7. d4 Be7 8. 0-0 d5 9. Bd3 0-0 10. Ng5 Qc8 11. Qe2 h6 12. Nf3 c5 13. Ne5 Nbd7 14. Ng6 Re8 15. Nxe7+ Rxe7 16. Nd2 a6 17. Nf3 b5 18. dxc5 Nxc5 19. Ba3 Rc7 20. Rac1 Nxd3 21. cxd3 Rxc1 22. Rxc1 Qd8 23. Nd4 Qd7 24. Rc5 Rc8 25. Qc2 Ng4 26. Bc1 Rxc5 27. Qxc5 Qc8 28. b4 Nf6 29. Kf2 Ng4+ 30. Kg3 Qe8 31. h3 Nf6 32. Bb2 Nh5+ 33. Kh2 Qg6 34. Qc1 Qg3+ 35. Kg1 Qg6 36. Qe1 Qf7 37. Kf2 g5 38. g3 Kh7 39. Nf3 gxf4 40. exf4 Qg8 41. Qg1 Qd8 42. Bd4 Qc7 43. Qd1 a5 44. Ng5+ Kg6 45. Nxe6 Qd6 46. Nc5 Bc8 47. Qe2 Kh7 48. Qxh5 Qe7 49. Qe2 Qc7 50. Qe5 Qf7 51. a3 a4 52. Kf3 Qh5+ 53. Kg2 Qf7 54. Kf2 h5 55. Qh8+ Kg6 56. Qxc8 Qe7 57. Qg8+ Kh6 58. Ne6 h4 59. Bg7+ Kh5 60. Qh7# 1-0